000 00583nam a2200229Ia 4500
003 OSt
005 20220918191149.0
006 a|||||r|||| 00| 0
007 ta
008 220917b |||||||| |||| 00| 0 eng d
024 _a61,810
037 _cTextual
040 _aARTS
_cARTS
_beng
041 _2eng
_aeng
082 _aQ43wK6, K7.1
100 _aSnellgrove David L
245 0 _aFour lamas of Dolpo
_b Tibetan Biographies
260 _c1967
650 _aRELIGION
942 _hQ43wK6, K7.1
_cTEXL
_2CC
999 _c188579
_d188579